UK TV Series Upstairs Downstairs GK - Statistics

General Stats
  • This quiz has been taken 36 times
  • The average score is 11 of 15
Answer Stats
Hint Answer % Correct
What was the name of the parlour maid played by Jean Marsh? Rose
96%
What was the name of the butler played by Gordon Jackson? Hudson
89%
How did Richard Bellamy's first wife die? Titanic
86%
Richard's son James was in the army .. in which country did he spend most of the first two series? India
82%
What was the name of the cook? Mrs Bridges
82%
James married his fathers secretary in series 3 .. what was her name? Hazel
79%
John Alderton played the chauffer in series two .. what was his name? Thomas
79%
Richard Bellamy was married twice in the series, what was his first wife's name? Marjorie
75%
What was the name of the Bellamy's daughter who left the series at the end of series 2? Elizabeth
71%
Which member of the 'upstairs' family became a nurse in series 4 set during the first world war? Georgina
71%
In which year did the series start on UK TV? 1971
68%
Original footman Alfred was disgraced when he had a secret relationship with a German nobleman in the first series .. who replaced him and then stayed on till the end of the series? Edward
68%
And what was Richard's second wife's name? Virginia
64%
In which year did the series end? 1975
57%
The series was based in a house in Eaton Place in London .. but what number? 165
54%
No matching quizzes found
Score Distribution
Percent of People with Each Score
Percentile by Number Answered
Your Score History
You have not taken this quiz